Agricultural Statistics A Guide Examinations. (Record no. 43724)

MARC details
000 -LEADER
fixed length control field 00328nam a22001337a 4500
003 - CONTROL NUMBER IDENTIFIER
control field OSt
008 - FIXED-LENGTH DATA ELEMENTS--GENERAL INFORMATION
fixed length control field 240809b |||||||| |||| 00| 0 eng d
082 ## - DEWEY DECIMAL CLASSIFICATION NUMBER
Classification number 630.2195076
Item number K98A
100 ## - MAIN ENTRY--PERSONAL NAME
Personal name Kushwaha, K.S.
245 ## - TITLE STATEMENT
Title Agricultural Statistics A Guide Examinations.
260 ## - PUBLICATION, DISTRIBUTION, ETC. (IMPRINT)
Place of publication, distribution, etc NEPA Delhi
Date of publication, distribution, etc 2012
300 ## - PHYSICAL DESCRIPTION
Extent 400
942 ## - ADDED ENTRY ELEMENTS (KOHA)
Source of classification or shelving scheme
Koha item type Books

No items available.

Hosted, Implemented, Customized & Maintained by: BestBookBuddies

Powered by Koha